000 01809cam a2200229 i 4500
999 _c2303
_d2303
020 _a9780078020520
020 _a0078020522
050 0 0 _aHA29
_b.M268
100 1 _aLind, Douglas A.
245 1 0 _aStatistical techniques in business & economics /
_cDouglas A. Lind, Coastal Carolina University and The University of Toledo, William G. Marchal, The University of Toledo, Samuel A. Wathen, Coastal Carolina University.
250 _aSixteenth edition.
260 _aNew York, NY :
_b McGraw-Hill Education,
_c2015.
300 _axxx, 830 pages ;
_c28 cm.
_bcolor illus.,
500 _aIncludes Index
505 _aChapter 1: What Is Statistics? Chapter 2: Describing Data: Frequency Tables, Frequency Distributions, and Graphic Presentation Chapter 3: Describing Data: Numerical Measures Chapter 4: Describing Data: Displaying and Exploring Data Chapter 5: A Survey of Probability Concepts Chapter 6: Discrete Probability Distributions Chapter 7: Continuous Probability Distributions Chapter 8: Sampling Methods and the Central Limit Theorem Chapter 9: Estimation and Confidence Intervals Chapter 10: One-Sample Tests of Hypothesis Chapter 11: Two-Sample Tests of Hypothesis Chapter 12: Analysis of Variance Chapter 13: Correlation and Linear Regression- Chapter 14: Multiple Regression Analysis Chapter 15: Nonparametric Methods: Nominal Level Hypothesis Tests Chapter 16: Nonparametric Methods: Analysis of Ordinal Data Chapter 17: Index Numbers Chapter 18: Time Series and Forecasting Chapter 19: Statistical Process Control and Quality Management.
650 0 _aSocial sciences
_xStatistical methods.
650 0 _aEconomics
_xStatistical methods.
650 0 _aCommercial statistics.
700 1 _aMarchal, William G.
700 1 _aWathen, Samuel Adam.
942 _cBK